| 000 | 01317nam2a22002771 4500 | ||
|---|---|---|---|
| 001 | v19\rc\1636480 | ||
| 005 | 20250618202613.0 | ||
| 035 | _a(NLR Aleph) 004693995 | ||
| 090 |
_a3973883 _c3973883 |
||
| 100 | _a20061002d1900 |||y0rusy50 ca | ||
| 101 | 0 | _arus | |
| 102 | _aRU | ||
| 105 | _ay z ||||| | ||
| 200 | 0 |
_aв 1899 году _fСост. д-ром медицины С.Ф. Гампером |
|
| 210 |
_d1900 _aБ. м. |
||
| 215 | _a221, III с. | ||
| 461 | 0 |
_1001v19\rc\1636479 _12001#$aОтчет о состоянии земской медицины в Мариупольском уезде Екатеринославской губернии...$vв 1899 году _93973873 _aМариупольская уезд. земская управа _cМариуполь _d1900-1909 _tОтчет о состоянии земской медицины в Мариупольском уезде Екатеринославской губернии... _vв 1899 году |
|
| 702 | 1 |
_4220 _7ca _8rus _aГампер _bС. Ф. _f1859-1911 _gСергей Фёдорович _9195802 _3RU\NLR\AUTH\770195853 |
|
| 801 | 0 |
_aRU _bNLR _gpsbo |
|
| 801 | 0 |
_aRU _bRuMoRGB _2psbo |
|
| 801 | 1 |
_aRU _bProSoft-M _2rusmarc |
|
| 852 |
_aNLR _bЗем _j12-5/О2 |
||
| 899 |
_aRuMoRGB (1899-1908*) _jU 324/12 |
||
| 942 | _cBOOK | ||
| 980 | _aNB | ||